| 000 | 00840nas a2200277 4500 | ||
|---|---|---|---|
| 001 | BR2012006986 | ||
| 003 | BR-BrBNA | ||
| 005 | 20231205121205.0 | ||
| 007 | ta | ||
| 008 | 230509b bl.|||p| |||| 00| 00por d | ||
| 040 |
_aBR-BrBNA _bpor _cBiblioteca Nacional de Agricultura |
||
| 041 | _a(Pt) | ||
| 072 | _aE70 | ||
| 100 | 1 | _aCarvalho, P.L.C. | |
| 100 | 1 | _aSáfadi, T. | |
| 100 | 1 | _aFerraz, M.I.F. | |
| 245 | 1 | _aAnálise sazonal para a série e os componentes do custo da cesta básica de Lavras, MG | |
| 650 | _aCONDIÇÃO AMBIENTAL | ||
| 650 | _aPRODUTO | ||
| 650 | _aPREÇO | ||
| 650 | _aOFERTA | ||
| 650 | _aDEMANDA | ||
| 773 | 0 |
_tOrganizações Rurais e Agroindustriais (Brazil) _xISSN 1517-3879 _g(Sep-Dec 2010), v. 12(3) p. 423-434 _wBR2012006986 |
|
| 909 |
_a202311 _bLúcia _c55 _dLúcia Elande |
||
| 942 |
_2AGRIS _n0 _cANA |
||
| 999 |
_c222247 _d222247 |
||